Keep the lights burning, Abbie / (Record no. 34081)
[ view plain ]
| 000 -LEADER | |
|---|---|
| fixed length control field | 01285cam a2200373 a 4500 |
| 003 - CONTROL NUMBER IDENTIFIER | |
| control field | OSt |
| 005 - DATE AND TIME OF LATEST TRANSACTION | |
| control field | 20140310184409.0 |
| 008 - FIXED-LENGTH DATA ELEMENTS--GENERAL INFORMATION | |
| fixed length control field | 841126s1985 mnua j 000 0beng |
| 010 ## - LIBRARY OF CONGRESS CONTROL NUMBER | |
| LC control number | 84027446 |
| 020 ## - INTERNATIONAL STANDARD BOOK NUMBER | |
| International Standard Book Number | 0876142757 (lib. bdg.) : |
| Terms of availability | $7.95 |
| 040 ## - CATALOGING SOURCE | |
| Original cataloging agency | DLC |
| Transcribing agency | DLC |
| Modifying agency | DLC |
| -- | OCoLC |
| -- | DLC |
| 042 ## - AUTHENTICATION CODE | |
| Authentication code | lcac |
| 043 ## - GEOGRAPHIC AREA CODE | |
| Geographic area code | n-us-me |
| 050 00 - LIBRARY OF CONGRESS CALL NUMBER | |
| Classification number | VK 1140.B87 |
| Item number | .R66 1993 |
| 100 1# - MAIN ENTRY--PERSONAL NAME | |
| Personal name | Roop, Peter. |
| 9 (RLIN) | 23415 |
| 245 10 - TITLE STATEMENT | |
| Title | Keep the lights burning, Abbie / |
| Statement of responsibility, etc | Peter and Connie Roop ; pictures by Peter E. Hanson. |
| 260 ## - PUBLICATION, DISTRIBUTION, ETC. (IMPRINT) | |
| Place of publication, distribution, etc | Minneapolis, Minn. : |
| Name of publisher, distributor, etc | Carolrhoda Books, |
| Date of publication, distribution, etc | 1993. |
| 300 ## - PHYSICAL DESCRIPTION | |
| Extent | 40 p. : |
| Other physical details | ill. (some col.) ; |
| Dimensions | 23 cm. |
| 440 #0 - SERIES STATEMENT/ADDED ENTRY--TITLE | |
| Title | Carolrhoda on my own books |
| 9 (RLIN) | 25986 |
| 521 ## - TARGET AUDIENCE NOTE | |
| Target audience note | |
| 526 ## - STUDY PROGRAM INFORMATION NOTE | |
| Reading level | 260 |
| 600 10 - SUBJECT ADDED ENTRY--PERSONAL NAME | |
| Personal name | Burgess, Abbie, |
| Dates associated with a name | 1839-1892 |
| General subdivision | Juvenile literature. |
| 9 (RLIN) | 25987 |
| 600 11 - SUBJECT ADDED ENTRY--PERSONAL NAME | |
| Personal name | Burgess, Abbie, |
| Dates associated with a name | 1839-1892. |
| 9 (RLIN) | 25988 |
| 610 20 - SUBJECT ADDED ENTRY--CORPORATE NAME | |
| Corporate name or jurisdiction name as entry element | Matinicus Rock Lighthouse (Matinicus Rock, Me.) |
| General subdivision | Juvenile literature. |
| 9 (RLIN) | 25989 |
| 650 #0 - SUBJECT ADDED ENTRY--TOPICAL TERM | |
| Topical term or geographic name as entry element | Lighthouse keepers |
| Geographic subdivision | Maine |
| General subdivision | Biography |
| -- | Juvenile literature. |
| 9 (RLIN) | 25990 |
| 650 #1 - SUBJECT ADDED ENTRY--TOPICAL TERM | |
| Topical term or geographic name as entry element | Lighthouse keepers. |
| 9 (RLIN) | 25991 |
| 700 1# - ADDED ENTRY--PERSONAL NAME | |
| Personal name | Roop, Connie. |
| 9 (RLIN) | 23417 |
| 700 1# - ADDED ENTRY--PERSONAL NAME | |
| Personal name | Hanson, Peter E., |
| Relator term | ill. |
| 9 (RLIN) | 25992 |
| 906 ## - LOCAL DATA ELEMENT F, LDF (RLIN) | |
| a | 7 |
| b | cbc |
| c | orignew |
| d | 1 |
| e | ocip |
| f | 19 |
| g | y-gencatlg |
| 942 ## - ADDED ENTRY ELEMENTS (KOHA) | |
| Source of classification or shelving scheme | Library of Congress Classification |
| Koha item type | |
| Withdrawn status | Lost status | Source of classification or shelving scheme | Damaged status | Home library | Current library | Shelving location | Date acquired | Total Checkouts | Full call number | Barcode | Date last seen | Copy number | Price effective from | Koha item type |
|---|---|---|---|---|---|---|---|---|---|---|---|---|---|---|
| Library of Congress Classification | Luxembourg Library | Luxembourg Library | Scholastic Reading Center Section | 10/08/2013 | VK 1140.B87 .R66 1993 | LEX0062 | 04/18/2017 | 1 | 10/08/2013 | Books | ||||
| Library of Congress Classification | Luxembourg Library | Luxembourg Library | Scholastic Reading Center Section | 10/08/2013 | VK 1140.B87 .R66 1993 | LEX0443 | 04/18/2017 | 2 | 10/08/2013 | Books | ||||
| Library of Congress Classification | Luxembourg Library | Luxembourg Library | Scholastic Reading Center Section | 10/12/2013 | VK 1140.B87 .R66 1993 | LEX0444 | 08/25/2017 | 3 | 10/12/2013 | Books |